[Event "Ì19"]
[Site "Loo"]
[Date "2017.04.24"]
[Round "5.7"]
[White "Òèìåðõàíîâ, Àëåêñàíäð."]
[Black "Êëþêèí, Êèðèëë."]
[Result "1/2-1/2"]
[WhiteElo "2322"]
[BlackElo "2250"]
[PlyCount "136"]
[EventDate "2017.04.20"]

1. d4 Nf6 2. Bg5 e6 3. Nd2 h6 4. Bh4 d6 5. e4 Nbd7 6. Bd3 Be7 7. c3 e5 8. Ne2
Nh5 9. Bxe7 Qxe7 10. O-O Nf8 11. f4 Nxf4 12. Nxf4 exf4 13. Rxf4 Ng6 14. Rf2 Be6
15. Qc2 O-O 16. Raf1 Rae8 17. b3 c6 18. Nc4 Qc7 19. e5 dxe5 20. Bxg6 fxg6 21.
Nxe5 Bf5 22. Qd2 Qc8 23. g4 Bxg4 24. Rxf8+ Rxf8 25. Rxf8+ Kxf8 26. Qf4+ Bf5 27.
Nxg6+ Ke8 28. Ne5 Qe6 29. c4 Bb1 30. a3 Qf5 31. Qxf5 Bxf5 32. Kf2 Ke7 33. Ke3
Ke6 34. b4 g5 35. a4 Bc2 36. a5 a6 37. Ng4 h5 38. Ne5 Bf5 39. Nf3 Kf6 40. Nd2
Bc2 41. c5 Ke6 42. Nc4 Kd7 43. Nd6 Kc7 44. Nf7 g4 45. Kf4 Kd7 46. Nd6 Ke6 47.
Nxb7 Kd5 48. Nd8 Bd1 49. b5 cxb5 50. c6 Kd6 51. d5 h4 52. Nb7+ Kc7 53. Nc5 g3
54. hxg3 h3 55. Ke5 h2 56. Ne6+ Kb8 57. d6 h1=Q 58. d7 Qe1+ 59. Kf6 Qc3+ 60.
Ke7 Qb4+ 61. Kd8 Qxa5+ 62. c7+ Kb7 63. Ke8 Bh5+ 64. Ke7 Qa3+ 65. Kd8 Qa5 66.
Ke7 Qa3+ 67. Kd8 Qa5 68. Ke7 Qa3+ 1/2-1/2

[Event "Ì19"]
[Site "Loo"]
[Date "2017.04.24"]
[Round "5.8"]
[White "Äðûãàëîâ, Ñåðãåé."]
[Black "Õàíèí, Ñåìåí."]
[Result "1/2-1/2"]
[WhiteElo "2419"]
[BlackElo "2430"]
[PlyCount "35"]
[EventDate "2017.04.20"]

1. d4 Nf6 2. Nf3 g6 3. c4 Bg7 4. g3 O-O 5. Bg2 c6 6. O-O d5 7. Qb3 Qb6 8. Nc3
Rd8 9. Rd1 Qxb3 10. axb3 Bf5 11. Ne1 Na6 12. h3 Be6 13. c5 Nd7 14. Nc2 Bf5 15.
Ne3 Be6 16. Nc2 Bf5 17. Ne3 Be6 18. Nc2 1/2-1/2

[Event "Ì19"]
[Site "Loo"]
[Date "2017.04.24"]
[Round "5.9"]
[White "Áû÷êîâ, Âëàäèìèð."]
[Black "Åëèñòðàòîâ, Ñåì¸í."]
[Result "1/2-1/2"]
[WhiteElo "2202"]
[BlackElo "2417"]
[PlyCount "174"]
[EventDate "2017.04.20"]

1. d4 Nf6 2. Nf3 d5 3. Bf4 g6 4. e3 Bg7 5. Bd3 c5 6. c3 Nc6 7. O-O Qb6 8. Qc1
Nh5 9. Bg3 Nxg3 10. hxg3 O-O 11. Nbd2 Bg4 12. Rb1 Rac8 13. Qe1 Rfe8 14. Nh2 Bd7
15. Nb3 cxd4 16. cxd4 Nb4 17. Nc5 Nxd3 18. Nxd3 Bf5 19. Qd2 Rc7 20. Nf3 Rec8
21. Rfc1 Qb5 22. Nfe1 b6 23. Rxc7 Rxc7 24. Rc1 Rxc1 25. Nxc1 a5 26. Ne2 Qc6 27.
Qc3 Qa4 28. a3 b5 29. f3 Qc4 30. Kf2 Qxc3 31. Nxc3 e5 32. Nxb5 Bd7 33. a4 exd4
34. Nxd4 Bxa4 35. Nd3 g5 36. Ke2 Be8 37. g4 Bf8 38. Kd2 f6 39. Kc3 Kf7 40. Nb3
a4 41. Nbc5 Bc6 42. Kd4 Bd6 43. f4 gxf4 44. exf4 Kg6 45. Nb4 Ba8 46. Nxd5 Bxd5
47. Kxd5 Bxf4 48. Ke4 Bd6 49. Nxa4 Kg5 50. Kf3 h5 51. gxh5 Kxh5 52. Nb6 Kg5 53.
Nd5 Kf5 54. Ne3+ Kg5 55. b3 Ba3 56. Nc2 Bd6 57. b4 Kf5 58. Ne3+ Ke6 59. b5 Bb8
60. Ke4 Kd6 61. g4 Kc5 62. Kf5 Kxb5 63. Kxf6 Bf4 64. Nd5 Bd2 65. Ke5 Bh6 66.
Nf4 Ka4 67. Kf5 Ka5 68. Ne6 Ka4 69. Ng5 Bf8 70. Kf6 Ba3 71. Ne6 Bc1 72. Kf5 Bh6
73. Ng5 Bf8 74. Nf7 Be7 75. Ne5 Bh4 76. Kg6 Ka3 77. Nc6 Ka2 78. Kh5 Bf6 79.
Nb4+ Ka1 80. Nd5 Bd8 81. Kg6 Bh4 82. Nf6 Ka2 83. Ne4 Ka1 84. Ng5 Kb2 85. Kh5
Bf2 86. Ne4 Be3 87. g5 Bxg5 1/2-1/2

[Event "Ì19"]
[Site "Loo"]
[Date "2017.04.24"]
[Round "5.10"]
[White "Äðûãàëîâ, Àíäðåé."]
[Black "Áóö, Íèêèòà."]
[Result "0-1"]
[WhiteElo "2389"]
[BlackElo "2260"]
[PlyCount "92"]
[EventDate "2017.04.20"]

1. e4 e5 2. Bc4 Nf6 3. d3 c6 4. Nf3 Be7 5. O-O d6 6. Bb3 O-O 7. c3 Qc7 8. Re1
Nbd7 9. d4 b5 10. Nbd2 Bb7 11. Nf1 c5 12. Ng3 Rfe8 13. a4 c4 14. Bc2 a6 15. d5
g6 16. Bg5 Nc5 17. Qd2 Reb8 18. a5 Bc8 19. Nh4 Qd8 20. f4 exf4 21. Qxf4 Ng4 22.
Bxe7 Qxe7 23. Nhf5 gxf5 24. exf5 Ne5 25. f6 Qf8 26. Qh4 Ncd3 27. Re3 Ng6 28.
Qg5 h6 29. Qh5 Bd7 30. Bxd3 cxd3 31. Rf1 Re8 32. Rxd3 Re5 33. Qf3 Rae8 34. Rd4
Re3 35. Qf2 R8e5 36. h4 Qe8 37. h5 Nf8 38. Qf4 Kh7 39. Rf2 Rg5 40. Nf1 Ree5 41.
Qf3 Kh8 42. g4 Bxg4 43. Qf4 Ref5 44. Qxd6 Rxf2 45. Qe7 Re2 46. Ne3 Rxe3 0-1

[Event "Ì19"]
[Site "Loo"]
[Date "2017.04.24"]
[Round "5.11"]
[White "Ëàïèí, Ïåòð."]
[Black "Ëèòâèíîâ, Ìàêñèì."]
[Result "1-0"]
[WhiteElo "2188"]
[BlackElo "2384"]
[PlyCount "151"]
[EventDate "2017.04.20"]

1. e4 e5 2. Nf3 Nc6 3. d4 exd4 4. Nxd4 Nf6 5. Nxc6 bxc6 6. e5 Qe7 7. Qe2 Nd5 8.
c4 Ba6 9. b3 g6 10. g3 Bg7 11. Bb2 O-O 12. Bg2 Rae8 13. O-O Bxe5 14. Qxe5 Qxe5
15. Bxe5 Rxe5 16. cxd5 Bxf1 17. Kxf1 cxd5 18. f4 Re3 19. Bxd5 Rd3 20. Bf3 Re8
21. Kf2 d5 22. Be2 Rde3 23. Bd1 Re1 24. Nd2 Kf8 25. Rb1 c6 26. b4 R8e6 27. a4
a6 28. a5 Ke7 29. Bf3 Rxb1 30. Nxb1 Kd6 31. Nc3 Re8 32. Na4 Rb8 33. Nb6 Re8 34.
h3 h5 35. h4 f6 36. Bg2 g5 37. hxg5 fxg5 38. fxg5 Rg8 39. Bf1 Rxg5 40. Bxa6 Rg4
41. Be2 Rg8 42. Bxh5 c5 43. bxc5+ Kxc5 44. Nxd5 Ra8 45. Bf3 Rxa5 46. Ke3 Kd6
47. Kf4 Ke6 48. Be4 Kf7 49. Ke5 Kg7 50. g4 Ra1 51. Nf4 Rg1 52. Kf5 Kh6 53. Bg2
Kg7 54. g5 Rb1 55. Nh5+ Kh7 56. Be4 Rb6 57. Ke5+ Kh8 58. g6 Rb8 59. g7+ Kg8 60.
Bd5+ Kh7 61. g8=Q+ Rxg8 62. Nf6+ Kh8 63. Nxg8 Kg7 64. Nf6 Kh8 65. Ne4 Kg7 66.
Ng5 Kh8 67. Be4 Kg7 68. Bd3 Kh8 69. Kf6 Kg8 70. Nf7 Kf8 71. Bh7 Ke8 72. Ne5 Kd8
73. Ke6 Kc7 74. Nd7 Kc6 75. Bd3 Kc7 76. Be4 1-0

[Event "Ì19"]
[Site "Loo"]
[Date "2017.04.24"]
[Round "5.12"]
[White "Ãàëàêòèîíîâ, Àðòåì."]
[Black "Ãîëüöåâ, Äìèòðèé."]
[Result "0-1"]
[WhiteElo "2346"]
[BlackElo "2161"]
[PlyCount "84"]
[EventDate "2017.04.20"]

1. d4 Nf6 2. Nf3 d5 3. c4 e6 4. Nc3 c6 5. Qd3 Nbd7 6. g3 Bd6 7. Bg2 dxc4 8.
Qxc4 e5 9. O-O Qe7 10. dxe5 Bxe5 11. Nxe5 Nxe5 12. Qd4 O-O 13. Bf4 Re8 14. Rfd1
Bf5 15. h3 h5 16. e4 Bh7 17. Qxe5 Qxe5 18. Bxe5 Rxe5 19. f4 Re7 20. e5 Nd7 21.
Rd4 f6 22. Rad1 Bf5 23. Rb4 Nc5 24. exf6 gxf6 25. Rbd4 Re3 26. Kf2 Rae8 27. Bf1
Kg7 28. Rd8 a5 29. Rxe8 Rxe8 30. Be2 Bxh3 31. Bxh5 Rh8 32. Be2 Be6 33. g4 b5
34. Rd6 b4 35. Rxc6 bxc3 36. Rxc5 cxb2 37. Rc7+ Kf8 38. Rb7 Rh2+ 39. Ke3 Rh3+
40. Kd4 Bb3 41. Rb8+ Ke7 42. Rb7+ Kd8 0-1

[Event "Ì19"]
[Site "Loo"]
[Date "2017.04.24"]
[Round "5.13"]
[White "Ñèí, Äåíèñ."]
[Black "Ãóí÷åíêî, Âàäèì."]
[Result "1/2-1/2"]
[WhiteElo "2240"]
[BlackElo "2292"]
[PlyCount "80"]
[EventDate "2017.04.20"]

1. d4 Nf6 2. c4 e6 3. Nf3 d5 4. Nc3 Nbd7 5. e3 b6 6. cxd5 exd5 7. Bd3 Bb7 8.
O-O Bd6 9. b3 a6 10. Bb2 O-O 11. Re1 Ne4 12. Bf1 f5 13. g3 Qe7 14. Bg2 Rae8 15.
Rc1 Qe6 16. Qc2 Ndf6 17. Ne5 Ng4 18. f3 Nxc3 19. Bxc3 Nf6 20. Nd3 a5 21. b4
axb4 22. Bxb4 Bxb4 23. Nxb4 c6 24. Qb3 Nd7 25. Nd3 Kh8 26. e4 dxe4 27. Qxe6
Rxe6 28. fxe4 fxe4 29. Nf4 Rd6 30. Rxe4 Nf6 31. Re7 Ba8 32. h4 Rc8 33. Bh3 Rb8
34. Ne6 Rb7 35. Rxb7 Bxb7 36. Rb1 Nd5 37. Rf1 Nf6 38. Rb1 Nd5 39. Rf1 Nf6 40.
Rb1 Nd5 1/2-1/2

[Event "Ì19"]
[Site "Loo"]
[Date "2017.04.24"]
[Round "5.14"]
[White "Ïîñòíèêîâ, Àðòåì."]
[Black "Áûêîâ, Åãîð."]
[Result "1/2-1/2"]
[WhiteElo "2197"]
[BlackElo "2263"]
[PlyCount "81"]
[EventDate "2017.04.20"]

1. e4 e5 2. Nf3 Nc6 3. Bb5 a6 4. Ba4 Nf6 5. O-O Be7 6. Re1 b5 7. Bb3 d6 8. c3
O-O 9. h3 Bb7 10. d4 Re8 11. Nbd2 exd4 12. cxd4 Nd7 13. d5 Nce5 14. Nxe5 Nxe5
15. Nf3 Nxf3+ 16. Qxf3 Bf6 17. Rb1 c5 18. dxc6 Bxc6 19. Bf4 Qe7 20. Qg3 Be5 21.
Rbd1 Rad8 22. Re3 Rd7 23. Bxe5 Qxe5 24. Qxe5 dxe5 25. Rxd7 Bxd7 26. Rd3 Bc6 27.
Bd5 Bxd5 28. Rxd5 Kf8 29. Rd6 Ra8 30. g3 Ke7 31. Rb6 Ra7 32. b3 Kd7 33. Rb8 Rc7
34. Rb6 Rc6 35. Rxc6 Kxc6 36. b4 Kd6 37. f3 Ke6 38. Kf2 g5 39. g4 h6 40. Ke2 f6
41. Kf2 1/2-1/2

[Event "Ì19"]
[Site "Loo"]
[Date "2017.04.24"]
[Round "5.15"]
[White "Õàð÷åíêî, Àëåêñåé."]
[Black "Òðóá÷àíèíîâ, Òèìóð."]
[Result "1-0"]
[WhiteElo "2263"]
[BlackElo "2185"]
[PlyCount "79"]
[EventDate "2017.04.20"]

1. c4 e6 2. e4 d5 3. exd5 exd5 4. d4 Nf6 5. Nc3 Be7 6. Nf3 O-O 7. Be2 dxc4 8.
Bxc4 Nbd7 9. O-O Nb6 10. Bb3 Nbd5 11. Re1 c6 12. Bxd5 cxd5 13. Qb3 b6 14. Bf4
Bb7 15. Nb5 Ba6 16. Ne5 Bxb5 17. Qxb5 Bd6 18. Bg5 Re8 19. Bxf6 Qxf6 20. Qxd5
Rad8 21. Qb5 Re6 22. Nf3 h6 23. h3 Bf8 24. a3 Red6 25. Re5 a6 26. Qe2 b5 27.
Re1 Rc6 28. Qe4 g6 29. h4 Rcc8 30. h5 Bg7 31. hxg6 Qxg6 32. Qxg6 fxg6 33. Re6
g5 34. Rxa6 g4 35. Nh4 Bxd4 36. Nf5 g3 37. Rg6+ Kf8 38. Rxg3 Bxb2 39. Nxh6 Bg7
40. Rf3+ 1-0

[Event "Ì19"]
[Site "Loo"]
[Date "2017.04.24"]
[Round "5.16"]
[White "Àôàíàñüåâ, Íèêèòà."]
[Black "Êóçíåöîâ, Ôåëèêñ."]
[Result "1-0"]
[WhiteElo "2349"]
[BlackElo "2176"]
[PlyCount "77"]
[EventDate "2017.04.20"]

1. g4 e5 2. Bg2 Nc6 3. d3 Bc5 4. c4 d6 5. h3 h5 6. g5 Nge7 7. Nc3 Be6 8. Nd5
Qd7 9. Bd2 Bxd5 10. cxd5 Nb4 11. Qb3 a5 12. a3 a4 13. axb4 axb3 14. Rxa8+ Nc8
15. bxc5 dxc5 16. Nf3 O-O 17. Nxe5 Qb5 18. Nc4 Ne7 19. Rxf8+ Kxf8 20. O-O Qa4
21. Ne3 Ng6 22. Rc1 b6 23. Nc4 Ke7 24. d6+ cxd6 25. Nxb6 Qa6 26. Nd5+ Kd8 27.
Bc3 Ne5 28. d4 Nd7 29. Bf3 g6 30. dxc5 Nxc5 31. Nb4 Qa4 32. Bf6+ Kc7 33. Nd3
Kb6 34. Nxc5 dxc5 35. Kg2 Qd7 36. Rc3 Qd1 37. e3 Qc2 38. Bd5 Qd2 39. e4 1-0

[Event "Ì19"]
[Site "Loo"]
[Date "2017.04.24"]
[Round "5.17"]
[White "Áîíäàðåíêî, Èâàí."]
[Black "Íàñèáóëëèí, Èñêàíäåð."]
[Result "1-0"]
[WhiteElo "2251"]
[BlackElo "2162"]
[PlyCount "71"]
[EventDate "2017.04.20"]

1. d4 Nf6 2. c4 e6 3. Nf3 b6 4. e3 Bb7 5. Bd3 d5 6. b3 Nbd7 7. O-O Bd6 8. Bb2
O-O 9. Nc3 a6 10. Qc2 c5 11. cxd5 exd5 12. dxc5 Nxc5 13. Nd4 Nxd3 14. Qxd3 Rc8
15. Nce2 Re8 16. Rac1 Be5 17. Rxc8 Qxc8 18. Rc1 Qg4 19. Rc2 Bc8 20. Ng3 h5 21.
h3 Qd7 22. Nge2 Ne4 23. Nf3 Bxb2 24. Rxb2 Qf5 25. Nf4 Be6 26. Qxa6 g5 27. Nd4
Qe5 28. Nfxe6 Rxe6 29. Rc2 Rf6 30. Qa8+ Kh7 31. Qc8 Kg7 32. a4 Kh7 33. b4 Qd6
34. Qe8 Kg7 35. Rc8 g4 36. Qh8+ 1-0

[Event "Ì19"]
[Site "Loo"]
[Date "2017.04.24"]
[Round "5.18"]
[White "Êðèâöîâ, Àëåêñàíäð."]
[Black "×èáóõ÷ÿí, Ýðèê."]
[Result "1-0"]
[WhiteElo "2206"]
[BlackElo "2149"]
[PlyCount "93"]
[EventDate "2017.04.20"]

1. c4 e5 2. Nc3 Nf6 3. g3 d5 4. cxd5 Nxd5 5. Bg2 Be6 6. Nf3 Nc6 7. d3 f6 8. a3
Qd7 9. Nxd5 Bxd5 10. b4 Nd4 11. e3 Nxf3+ 12. Bxf3 Bxf3 13. Qxf3 O-O-O 14. O-O
Qxd3 15. Bb2 Qd5 16. Qg4+ Qd7 17. Qc4 Bd6 18. b5 h5 19. a4 h4 20. g4 f5 21. a5
Rh6 22. a6 b6 23. Qd5 Qe6 24. Qxe6+ Rxe6 25. gxf5 Rh6 26. e4 g6 27. Bc1 Rh5 28.
fxg6 Rg8 29. Kh1 Rxg6 30. Be3 Rh7 31. Rfc1 Kb8 32. Rc6 Rhg7 33. Rd1 Rg4 34. f3
R4g6 35. f4 Re7 36. f5 Rg4 37. Rg1 Reg7 38. Rxg4 Rxg4 39. f6 Rg6 40. Rxd6 cxd6
41. Bg5 Rg8 42. Bh6 h3 43. f7 Rh8 44. f8=Q+ Rxf8 45. Bxf8 Kc7 46. Be7 Kd7 47.
Bf6 1-0

[Event "Ì19"]
[Site "Loo"]
[Date "2017.04.24"]
[Round "5.19"]
[White "×åðåäíè÷åíêî, Äìèòðèé."]
[Black "Êàïïóøåâ, Àõìàò."]
[Result "1-0"]
[WhiteElo "2282"]
[BlackElo "1893"]
[PlyCount "99"]
[EventDate "2017.04.20"]

1. d4 Nf6 2. c4 e6 3. g3 Bb4+ 4. Bd2 Qe7 5. Bg2 Bxd2+ 6. Qxd2 d6 7. e4 e5 8. d5
O-O 9. Ne2 a5 10. Nbc3 Nbd7 11. O-O-O Nc5 12. f3 Bd7 13. g4 Rfb8 14. Nb5 Bxb5
15. cxb5 Qd7 16. Nc3 Ne8 17. Kb1 c6 18. Bf1 a4 19. bxc6 bxc6 20. Bc4 Ra7 21.
Ka1 Qb7 22. dxc6 Qxc6 23. Rc1 Qb6 24. Nd5 Qb7 25. Rc3 Ne6 26. h4 Nd4 27. g5 Nc7
28. Nxc7 Qxc7 29. h5 Qe7 30. g6 Kh8 31. gxf7 h6 32. Rhc1 Rf8 33. Bd5 Nb3+ 34.
Bxb3 axb3 35. Rxb3 Qxf7 36. Qd5 Qxh5 37. Qxd6 Qf7 38. Qd5 Qxd5 39. exd5 Raf7
40. d6 Rd7 41. Rd3 Rf6 42. b4 Rdxd6 43. Rxd6 Rxd6 44. b5 h5 45. Rb1 Rb6 46. a4
h4 47. a5 Rb8 48. b6 h3 49. a6 h2 50. b7 1-0

[Event "Ì19"]
[Site "Loo"]
[Date "2017.04.24"]
[Round "5.20"]
[White "Áåçîòå÷åñòâî, Êîíñòàíòèí."]
[Black "Ãîðîæàíêèí, Âàäèì."]
[Result "1-0"]
[WhiteElo "2160"]
[BlackElo "2190"]
[PlyCount "107"]
[EventDate "2017.04.20"]

1. d4 Nf6 2. c4 e6 3. g3 c5 4. d5 exd5 5. cxd5 b5 6. Bg2 d6 7. e4 Nbd7 8. Ne2
Be7 9. O-O O-O 10. a4 b4 11. b3 Ba6 12. h3 Ne8 13. Re1 Bf6 14. Ra2 g6 15. Nf4
c4 16. Bf1 cxb3 17. Qxb3 Nc5 18. Qf3 Bxf1 19. Kxf1 Bg7 20. Be3 Qa5 21. Bxc5
Qxc5 22. Qb3 a5 23. Rc2 Qa7 24. Rc6 Qe7 25. f3 Nf6 26. Rec1 Nd7 27. Nd2 Qg5 28.
Kg2 Be5 29. Qe3 Nc5 30. Nc4 Nxa4 31. Nxd6 Nc3 32. Nc4 Bxf4 33. Qxf4 Qxf4 34.
gxf4 Ne2 35. Ra1 Nd4 36. Rb6 a4 37. Rxb4 Nc2 38. Raxa4 Nxb4 39. Rxb4 Rad8 40.
Kg3 Rd7 41. Ne3 Re8 42. f5 f6 43. Rb6 Kg7 44. h4 Re5 45. fxg6 hxg6 46. Ng4 Ree7
47. Nxf6 Ra7 48. Ng4 Ra3 49. e5 Ra5 50. d6 Rexe5 51. Rb7+ Kf8 52. Nxe5 Rxe5 53.
Rh7 Kg8 54. d7 1-0

[Event "Ì19"]
[Site "Loo"]
[Date "2017.04.24"]
[Round "5.21"]
[White "Ñïèðèäîíîâ, Åâãåíèé."]
[Black "Àçèìîâ, Èëüÿñ."]
[Result "0-1"]
[WhiteElo "2130"]
[BlackElo "2171"]
[PlyCount "92"]
[EventDate "2017.04.20"]

1. d4 Nf6 2. c4 e6 3. Nc3 Bb4 4. e3 O-O 5. Bd3 c5 6. Nf3 Nc6 7. O-O Bxc3 8.
bxc3 d6 9. Qc2 e5 10. d5 Ne7 11. Ne1 g6 12. e4 Nh5 13. Bh6 Ng7 14. f4 f5 15.
fxe5 dxe5 16. Nf3 Qd6 17. Ng5 Bd7 18. Rab1 b6 19. Qd2 Kh8 20. Qe1 f4 21. Qh4
Nh5 22. g4 Nf6 23. h3 Neg8 24. Bxf8 Rxf8 25. Nf3 Kg7 26. Rb2 h6 27. a4 g5 28.
Nxg5 hxg5 29. Qxg5+ Kh8 30. Qh4+ Nh7 31. g5 Ne7 32. Rg2 Rg8 33. Kh2 Rg7 34.
Rfg1 Ng6 35. Qf2 Nhf8 36. Be2 Bxh3 37. Bg4 Bxg2 38. Kxg2 Rh7 39. Bf5 Kg7 40.
Kf1 Qd8 41. Qf3 Rh2 42. Qg4 Qe8 43. Qd1 Qf7 44. Rg2 Rxg2 45. Kxg2 Nh4+ 46. Kf2
Nxf5 0-1

[Event "Ì19"]
[Site "Loo"]
[Date "2017.04.24"]
[Round "5.23"]
[White "Õàëòóðèí, Íèêîëàé."]
[Black "Ðîçìàíîâ, Àëåêñàíäð."]
[Result "1-0"]
[WhiteElo "1965"]
[BlackElo "2018"]
[PlyCount "91"]
[EventDate "2017.04.20"]

1. e4 e5 2. Bc4 Nf6 3. d3 Bc5 4. Nc3 a6 5. f4 d6 6. Nf3 Nc6 7. f5 Na5 8. Bg5 b5
9. Bb3 Nxb3 10. axb3 Bb7 11. Qe2 Qd7 12. Be3 Bxe3 13. Qxe3 g6 14. Qg5 Qe7 15.
O-O h6 16. Qh4 gxf5 17. exf5 Nd7 18. f6 Qxf6 19. Qxf6 Nxf6 20. Nxe5 Ke7 21. Nf3
Rag8 22. Rae1+ Kf8 23. g3 b4 24. Ne4 Nxe4 25. dxe4 h5 26. Nh4 Rg5 27. Rf4 Ke7
28. Nf5+ Ke6 29. Nd4+ Ke7 30. Nf5+ Ke6 31. Ref1 Rh7 32. Nd4+ Ke7 33. Nf5+ Ke6
34. R1f2 Rg4 35. Nd4+ Ke7 36. Rxg4 hxg4 37. Rf4 c5 38. Nf5+ Ke6 39. Ne3 Rh5 40.
Nxg4 d5 41. Rf6+ Ke7 42. Rb6 Bc8 43. Nf6 Re5 44. Nxd5+ Kd8 45. Rd6+ Bd7 46. Kf2
1-0

[Event "Ä11Ï"]
[Site "Loo"]
[Date "2017.04.25"]
[Round "6.1"]
[White "Øåâöîâà, Äàðüÿ."]
[Black "Æàïîâà, ßíà."]
[Result "1-0"]
[WhiteElo "1445"]
[BlackElo "1316"]
[PlyCount "120"]
[EventDate "2017.04.20"]

1. d4 d5 2. Bf4 Nf6 3. e3 c5 4. c3 Nc6 5. Bd3 Bg4 6. Qc1 Rc8 7. Qd2 e6 8. h3
Bh5 9. Ne2 Bxe2 10. Qxe2 Bd6 11. Bxd6 Qxd6 12. O-O O-O 13. Rd1 e5 14. dxe5 Qxe5
15. Nd2 Rfe8 16. Nf3 Qe7 17. Re1 Ne5 18. Bb5 Nxf3+ 19. Qxf3 Red8 20. Rad1 a6
21. Ba4 b5 22. Bc2 Ne4 23. Bxe4 Qxe4 24. Qxe4 dxe4 25. b4 c4 26. Rd4 f5 27. g4
g6 28. Red1 Rxd4 29. Rxd4 Rc6 30. Kg2 h5 31. Kg3 hxg4 32. hxg4 Rf6 33. gxf5
gxf5 34. Kf4 Kf7 35. Rd5 Kg6 36. Rd8 Kg7 37. Kg5 Rg6+ 38. Kxf5 Rf6+ 39. Kxe4
Rxf2 40. Rd7+ Kf8 41. Ra7 Rxa2 42. Ke5 Re2 43. Ke4 Ra2 44. Kd4 Rd2+ 45. Kc5 Re2
46. Rxa6 Rxe3 47. Kxb5 Rxc3 48. Rc6 Ke7 49. Rxc4 Rxc4 50. Kxc4 Kd7 51. Kb5 Kc7
52. Ka6 Kb8 53. Kb6 Ka8 54. Kc7 Ka7 55. b5 Ka8 56. Kc6 Kb8 57. Kb6 Ka8 58. Kc7
Ka7 59. b6+ Ka8 60. b7+ Ka7 1-0

[Event "Ä11Ï"]
[Site "Loo"]
[Date "2017.04.25"]
[Round "6.2"]
[White "Ìóòèíà, Ñîôèÿ."]
[Black "Çàâèâàåâà, Ýâåëèíà."]
[Result "0-1"]
[WhiteElo "1255"]
[BlackElo "1326"]
[PlyCount "72"]
[EventDate "2017.04.20"]

1. b3 e5 2. Bb2 Nc6 3. e3 Nf6 4. Bb5 d6 5. Ne2 Bd7 6. O-O a6 7. Bxc6 Bxc6 8. d4
Qe7 9. c4 g6 10. c5 Bg7 11. cxd6 cxd6 12. Nbc3 O-O 13. a4 Ne4 14. dxe5 Qxe5 15.
Rb1 Nxc3 16. Nxc3 Qg5 17. g3 Qf5 18. f3 Qc5 19. Qd2 Rfe8 20. Rfe1 Bxf3 21. Rbc1
Qh5 22. Qxd6 Be5 23. Qd2 Bxg3 24. Rf1 Bh4 25. Rxf3 Qxf3 26. Nd5 Qg4+ 27. Kh1
Qe4+ 28. Kg1 Bg5 29. Qc3 Bxe3+ 30. Kf1 Qf3+ 31. Ke1 Bxc1+ 32. Ne7+ Rxe7+ 33.
Qe5 Rxe5+ 34. Bxe5 Rd8 35. Bd6 Re8+ 36. Be7 Rxe7# 0-1

[Event "Ä11Ï"]
[Site "Loo"]
[Date "2017.04.25"]
[Round "6.3"]
[White "Ãîëèêîâà, Àëèñà."]
[Black "Óçèíöåâà, Äàðüÿ."]
[Result "0-1"]
[WhiteElo "1233"]
[BlackElo "1291"]
[PlyCount "112"]
[EventDate "2017.04.20"]

1. e4 e6 2. d4 d5 3. exd5 exd5 4. Bd3 Nc6 5. c3 Bd6 6. Nf3 Bg4 7. O-O Nge7 8.
Bg5 f6 9. Bh4 Qd7 10. Bg3 Bxg3 11. hxg3 O-O-O 12. Nbd2 Qd6 13. b4 h5 14. b5 Nb8
15. Qa4 Qb6 16. Qb4 Qd6 17. Qxd6 Rxd6 18. Rfe1 Nf5 19. Bxf5+ Bxf5 20. Re7 g5
21. Rae1 Rdd8 22. Rf7 Nd7 23. Ree7 Rde8 24. Nb3 Rxe7 25. Rxe7 Kd8 26. Rf7 Bb1
27. a3 Ke8 28. Rg7 Bf5 29. Nc5 Kf8 30. Rxd7 Bxd7 31. Nxd7+ Ke7 32. Nc5 b6 33.
Na6 Kd6 34. Kf1 c5 35. bxc6 Kxc6 36. a4 Rc8 37. Nb4+ Kd6 38. Nc2 Rxc3 39. Ne3
Ke6 40. g4 h4 41. Nf5 Ra3 42. Ng7+ Kf7 43. Nf5 Rxa4 44. Nd6+ Ke6 45. Nb7 a5 46.
Nd2 Kd7 47. Nb3 Kc7 48. N7xa5 bxa5 49. Nc5 Rc4 50. Ke2 a4 51. Kd3 a3 52. Nb3 a2
53. Kd2 Kb6 54. Kd1 Kb5 55. Kd2 Kb4 56. Na1 Ka3 0-1

[Event "Ä11Ï"]
[Site "Loo"]
[Date "2017.04.25"]
[Round "6.4"]
[White "Ðèÿíîâà, Ðàëèíà."]
[Black "Ãëóøêîâà, Ìèëàíà."]
[Result "1-0"]
[WhiteElo "1165"]
[BlackElo "1231"]
[PlyCount "85"]
[EventDate "2017.04.20"]

1. e4 c5 2. Nf3 Nc6 3. d4 cxd4 4. Nxd4 g6 5. c4 Bg7 6. Be3 Nf6 7. Nc3 O-O 8. f3
d6 9. Qd2 Qa5 10. O-O-O Bd7 11. Kb1 Nb4 12. Nb3 Qc7 13. g4 a6 14. h4 a5 15. h5
a4 16. Nd4 a3 17. b3 Rfe8 18. Be2 Nc6 19. Rdg1 Ne5 20. g5 Nxh5 21. f4 Nc6 22.
Bxh5 gxh5 23. Rxh5 Qc8 24. f5 Kh8 25. g6 fxg6 26. Rxg6 Ne5 27. Rg1 e6 28. Qg2
Re7 29. Bg5 Rf7 30. f6 Bf8 31. Bh6 Bxh6 32. Rxh6 Qg8 33. Qh2 Qf8 34. Rh1 Qg8
35. Qh5 Ra5 36. Nce2 Nxc4 37. Qh4 Ne5 38. Rg1 Qf8 39. Nf4 Qc8 40. Ng6+ Nxg6 41.
Rhxg6 Ra8 42. Rg7 Qc3 43. Qxh7# 1-0

[Event "Ä11Ï"]
[Site "Loo"]
[Date "2017.04.25"]
[Round "6.5"]
[White "Êîðîáèöûíà, Äàðüÿ."]
[Black "Âîë÷êîâà, Àëåíà."]
[Result "0-1"]
[WhiteElo "1143"]
[BlackElo "1207"]
[PlyCount "90"]
[EventDate "2017.04.20"]

1. d4 Nf6 2. c4 g6 3. Nc3 Bg7 4. e4 d6 5. Nf3 O-O 6. Be2 Nbd7 7. O-O e5 8. d5
Nc5 9. Qc2 a5 10. h3 Bd7 11. Bg5 Kh8 12. a3 a4 13. Bd1 Qe8 14. Qb1 Nh5 15. b4
axb3 16. Bxb3 f6 17. Be3 Rg8 18. Qc2 f5 19. Bxc5 dxc5 20. a4 Ra6 21. a5 Qe7 22.
Nb5 h6 23. Nxc7 Rf6 24. a6 bxa6 25. Rxa6 fxe4 26. Rxf6 Bxf6 27. Nd2 Bxh3 28.
gxh3 Qxc7 29. Nxe4 Qc8 30. Nxf6 Nxf6 31. Qd3 g5 32. Qf3 Rf8 33. Qg3 g4 34. hxg4
Rg8 35. f3 e4 36. Qe5 Qf8 37. d6 Rg7 38. Kg2 Qf7 39. fxe4 Rxg4+ 40. Kh3 Rg6 41.
d7 Qxd7+ 42. Rf5 Qd3+ 43. Kh2 Qe2+ 44. Kh3 Qg2+ 45. Kh4 Qg4# 0-1

[Event "Ä11Ï"]
[Site "Loo"]
[Date "2017.04.25"]
[Round "6.6"]
[White "Åëüíèêîâà, Ìèëåíà."]
[Black "Ëåãêèõ, Àðèíà."]
[Result "1-0"]
[WhiteElo "1134"]
[BlackElo "1202"]
[PlyCount "57"]
[EventDate "2017.04.20"]

1. e4 e5 2. Nf3 Nc6 3. d4 exd4 4. Bc4 Bc5 5. c3 d3 6. Bxd3 d6 7. Bc4 Bg4 8. Qb3
Qd7 9. Bxf7+ Ke7 10. Bg5+ Nf6 11. Bxf6+ gxf6 12. Bd5 Bb6 13. Nbd2 Rae8 14. Rf1
Kd8 15. O-O-O f5 16. exf5 Bxf5 17. Nc4 Re2 18. Rd2 Rhe8 19. Qd1 R2e7 20. Nxb6
cxb6 21. Bxc6 Qc7 22. Rxd6+ Bd7 23. Bxd7 Rxd7 24. Rxd7+ Qxd7 25. Qxd7+ Kxd7 26.
Re1 Rg8 27. g3 Rg6 28. Ne5+ Kd6 29. Nxg6 1-0

[Event "Ä11Ï"]
[Site "Loo"]
[Date "2017.04.25"]
[Round "6.8"]
[White "Êèðäÿøêèíà, Åêàòåðèíà."]
[Black "Çèìîâà, Åêàòåðèíà."]
[Result "1-0"]
[WhiteElo "1198"]
[BlackElo "1376"]
[PlyCount "87"]
[EventDate "2017.04.20"]

1. e4 e5 2. Nf3 Nc6 3. Bb5 Nf6 4. Nc3 d6 5. O-O Bg4 6. Bxc6+ bxc6 7. h3 Bh5 8.
d3 h6 9. Re1 Be7 10. Be3 O-O 11. Kh1 Ne8 12. Rg1 Bf6 13. g4 Bg6 14. Nh2 d5 15.
Bc5 Be7 16. Bxe7 Qxe7 17. exd5 cxd5 18. Nxd5 Qd6 19. Qf3 c6 20. Ne3 Nf6 21. Qe2
e4 22. dxe4 Bxe4+ 23. f3 Bg6 24. Rad1 Qe6 25. b3 Rfe8 26. Rge1 Nd5 27. Qd2 Nxe3
28. Rc1 Rad8 29. Qf2 Rd7 30. f4 Qe4+ 31. Kg1 Rde7 32. Nf1 Qd4 33. c3 Qb6 34. c4
Nxf1 35. c5 Qb5 36. Rxe7 Rxe7 37. f5 Bh7 38. Qd4 Qb8 39. Kxf1 g6 40. f6 Re6 41.
Rd1 Qe5 42. Qxe5 Rxe5 43. Rd8+ Re8 44. Rxe8# 1-0

[Event "Ä11Ï"]
[Site "Loo"]
[Date "2017.04.25"]
[Round "6.10"]
[White "Êóëèø, Ãëàôèðà."]
[Black "Ëåêî, Îëüãà."]
[Result "1-0"]
[WhiteElo "1195"]
[BlackElo "1229"]
[PlyCount "95"]
[EventDate "2017.04.20"]

1. e4 e6 2. d4 d5 3. Nd2 c5 4. exd5 exd5 5. Bb5+ Bd7 6. Qe2+ Be7 7. dxc5 Bxb5
8. Qxb5+ Nc6 9. Ngf3 Rb8 10. O-O a6 11. Qe2 Nf6 12. Nb3 O-O 13. Bf4 Rc8 14.
Rfe1 Re8 15. Bg5 Bxc5 16. Bxf6 Qxf6 17. Qxe8+ Rxe8 18. Rxe8+ Bf8 19. c3 Qd6 20.
Rae1 g6 21. Nfd4 Nxd4 22. Nxd4 Kg7 23. h3 Qb6 24. b4 Qc7 25. R1e3 Qc4 26. a4
Qa2 27. a5 Bd6 28. g3 Qa1+ 29. Kg2 Qa4 30. Rd8 Bf8 31. Ree8 Bxb4 32. cxb4 Qxb4
33. Rxd5 Qa4 34. Red8 Qb4 35. R8d7 b5 36. axb6 Qxb6 37. R7d6 Qb7 38. Rd7 Qb6
39. R5d6 Qa5 40. Ra7 Qc5 41. Raxa6 Qe5 42. Rd7 Qe4+ 43. Kh2 Kh6 44. Rf6 Qe5 45.
Rfxf7 Qh8 46. Rxh7+ Qxh7 47. Rxh7+ Kxh7 48. g4 1-0

[Event "Ä11Ï"]
[Site "Loo"]
[Date "2017.04.25"]
[Round "6.11"]
[White "Ðàñïàåâà, Äàðüÿ."]
[Black "Öàð¸âà, Àëåêñàíäðà."]
[Result "0-1"]
[WhiteElo "1157"]
[BlackElo "1212"]
[PlyCount "108"]
[EventDate "2017.04.20"]

1. e4 Nf6 2. e5 Nd5 3. d4 d6 4. Nf3 g6 5. Nc3 c6 6. Bc4 Nb6 7. Bb3 Bg7 8. O-O
O-O 9. Be3 Bg4 10. h3 Bxf3 11. Qxf3 dxe5 12. dxe5 Bxe5 13. Bh6 Bg7 14. Rad1 Qc7
15. Bf4 e5 16. Bh2 a5 17. a4 Na6 18. Rd4 Qe7 19. Re1 Rfe8 20. Rd2 Nc5 21. Ba2
Nbxa4 22. Nxa4 Nxa4 23. b3 Nc5 24. c4 e4 25. Qe3 Rad8 26. Bb1 f5 27. Bf4 Rxd2
28. Qxd2 Nxb3 29. Qd1 Nd4 30. Qd2 Qb4 31. Qc1 Nb3 32. Qd1 Qxc4 33. Ba2 a4 34.
Re3 Qd4 35. Qxd4 Bxd4 36. Rg3 Be5 37. Bxe5 Rxe5 38. Bxb3+ axb3 39. Rxb3 Rb5 40.
Ra3 c5 41. Ra8+ Kg7 42. Rc8 Kf6 43. Rf8+ Ke7 44. Rh8 h5 45. Rh7+ Kd8 46. Rh8+
Kc7 47. Rh7+ Kb6 48. Rg7 Ka5 49. Rxg6 c4 50. Rg5 c3 51. Rxh5 c2 52. Kh2 c1=Q
53. Rh7 Qf4+ 54. g3 Qxf2+ 0-1